Obálka Náhled e-knihy:
PDF Epub
Pro půjčování e-knih musíte být přihlášeni.
Jak si půjčit online?

Detvanka /

V malom meste na prelome tisícročí sa odohráva príbeh dievčaťa, ktoré sa učí rozumieť svetu, rodine aj sebe samej. Ping-pong, bicykel, cherry cola, sedmové karty, prvé lásky a chvíle, ktoré niekedy bolia, sa striedajú na pozadí vzniku moderného Slovenska. Krajina sa mení, stáva sa súčasťou Európy a...

Celý popis

Uloženo v:
Hlavní autor: Iru, Jana (Autor)
Médium: E-kniha
Jazyk:Czech
Vydáno: Praha : Albatros Media Slovakia s.r.o., 2026
Tagy:
Žádné tagy
LEADER 01418nam a22002297i 4500
001 302692
007 ta
008 260514s2026 xr ||||| |||| 00| 0 cze d
020 |a 9788056650974 
044 |a xr 
100 1 |a  Iru, Jana  |4 aut 
245 1 0 |a Detvanka /  |c  Iru, Jana 
264 1 |a Praha :  |b Albatros Media Slovakia s.r.o.,  |c 2026 
300 |a 1 online zdroj (480 stran) 
336 |a text  |b txt  |2 rdacontent 
337 |a bez média  |b n  |2 rdamedia 
338 |a online zdroj  |b cr  |2 rdacarrier 
520 2 |a V malom meste na prelome tisícročí sa odohráva príbeh dievčaťa, ktoré sa učí rozumieť svetu, rodine aj sebe samej. Ping-pong, bicykel, cherry cola, sedmové karty, prvé lásky a chvíle, ktoré niekedy bolia, sa striedajú na pozadí vzniku moderného Slovenska. Krajina sa mení, stáva sa súčasťou Európy a na sídliskách v malých mestách sa meníme my. Detvanka je intímny román o miestach, ktoré v nás zostávajú navždy a formujú nás. 
910 |a RBIT002 
998 |d 426949  |a https://core.palmknihy.cz/api/books/426949/cover?tesghy  |b https://core.palmknihy.cz/api/books/426949/cover/400?tesghy  |c https://core.palmknihy.cz/api/books/426949/cover/50?tesghy  |e 2037-12-31  |g 480  |i 9788056650974  |j https://core.palmknihy.cz/api/books/426949/preview.epub  |k https://core.palmknihy.cz/api/books/426949/preview.pdf  |l   |q 49  |r 1  |s https://www.palmknihy.cz/kniha/426949  |t ebook  |y 2026  |z 1 
999 |d 302690